It looks like you're offline.
Open Library logo
additional options menu

MARC record from Internet Archive

LEADER: 01529cam 2200505M 4500
001 ocm59870163
003 OCoLC
005 20201118131638.0
008 050430s1991 enka j 000 f eng d
040 $aUKV3G$beng$cUKV3G$dUKM$dTRACS$dOCLCF$dOCLCO$dOCLCQ
015 $aGB9170088$2bnb
019 $a26310687
020 $a019916360X$q(PACK)
020 $a9780199163601$q(PACK)
020 $a0199163618$q(CLASS PACK)
020 $a9780199163618$q(CLASS PACK)
020 $a0199163596
020 $a9780199163595
035 $a(OCoLC)59870163$z(OCoLC)26310687
082 04 $a428.6$220
100 1 $aColeman, Adam.
245 14 $aThe discovery.
260 $bOxford University Press,$c©1991.
300 $a32 pages
336 $atext$btxt$2rdacontent
337 $aunmediated$bn$2rdamedia
338 $avolume$bnc$2rdacarrier
650 0 $aArchaeology$vJuvenile fiction.
650 7 $aArchaeology.$2fast$0(OCoLC)fst00812938
653 0 $aEnglish language$aReading books
655 7 $aFiction.$2fast$0(OCoLC)fst01423787
655 7 $aJuvenile works.$2fast$0(OCoLC)fst01411637
700 1 $aLevers, John.
800 1 $aColeman, Adam.$tMore robins. Stage 10.
029 1 $aNZ1$b14757630
029 1 $aNZ1$b458796
029 1 $aUKBCI$b129150533
029 1 $aUKBNS$b129150533
029 1 $aUKSCO$b129150533
029 1 $aUKSGC$b129150533
029 1 $aUKSOM$b129150533
029 1 $aUNITY$b046895469
029 1 $aUNITY$b129150533
994 $aZ0$bP4A
948 $hNO HOLDINGS IN P4A - 11 OTHER HOLDINGS